Ley Olimpia, el reconocimiento de la violencia digital / (Registro nro. 5762)
[ vista simple ]
| 000 -LEADER | |
|---|---|
| fixed length control field | 01163nab a22002297a 4500 |
| 003 - CONTROL NUMBER IDENTIFIER | |
| control field | OSt |
| 005 - DATE AND TIME OF LATEST TRANSACTION | |
| control field | 20260105151609.0 |
| 008 - FIXED-LENGTH DATA ELEMENTS--GENERAL INFORMATION | |
| fixed length control field | 190514b xxu||||| |||| 00| 0 spa d |
| 040 ## - CATALOGING SOURCE | |
| Transcribing agency | PJ |
| 100 ## - MAIN ENTRY--PERSONAL NAME | |
| 9 (RLIN) | 6677 |
| Personal name | Fernández Sosa, Macarena |
| 245 10 - TITLE STATEMENT | |
| Title | Ley Olimpia, el reconocimiento de la violencia digital / |
| Statement of responsibility, etc | Macarena Fernández Sosa. |
| 300 ## - PHYSICAL DESCRIPTION | |
| Extent | p. 170-181 |
| 500 ## - GENERAL NOTE | |
| General note | Cita: TR LALEY AR/DOC/883/2025. |
| 505 ## - FORMATTED CONTENTS NOTE | |
| Formatted contents note | Sumario: I. Introducción.— II. Hechos del caso.— III. Violencia digital y género.— IV. Modificaciones introducidas por la Ley Olimpia.— V. Medidas de protección.— VI. Ley Belén: proyecto de reforma penal.— VII. Conclusiones. |
| 505 ## - FORMATTED CONTENTS NOTE | |
| Title | Fallo comentado: CCiv., Com. y Minería, General Roca ~ 05/11/2024 ~ B. A. A. Y. G. N. M. c. M. M. N. J. C. Y. P. L. s/ violencia. |
| 650 #0 - SUBJECT ADDED ENTRY--TOPICAL TERM | |
| 9 (RLIN) | 967 |
| Topical term or geographic name as entry element | DERECHO DE FAMILIA |
| 650 #0 - SUBJECT ADDED ENTRY--TOPICAL TERM | |
| 9 (RLIN) | 3053 |
| Topical term or geographic name as entry element | VIOLENCIA DE GÉNERO |
| 650 #0 - SUBJECT ADDED ENTRY--TOPICAL TERM | |
| 9 (RLIN) | 6528 |
| Topical term or geographic name as entry element | VIOLENCIA DIGITAL |
| 650 #0 - SUBJECT ADDED ENTRY--TOPICAL TERM | |
| 9 (RLIN) | 1057 |
| Topical term or geographic name as entry element | JURISPRUDENCIA APLICABLE |
| 773 0# - HOST ITEM ENTRY | |
| Host Biblionumber | 2844 |
| Host Itemnumber | 3222 |
| Place, publisher, and date of publication | Buenos Aires : AbeledoPerrot, 1989- |
| Title | Derecho de familia. Revista Interdisciplinaria de doctrina y jurisprudencia. Junio 2025-III. |
| International Standard Book Number | 18511201 |
| 942 ## - ADDED ENTRY ELEMENTS (KOHA) | |
| Source of classification or shelving scheme | |
| Koha item type | Analítica Artículo de Revista |
No hay ítems disponibles.
